Responses for Show #3857 - Tuesday, May 15, 2001

Contestants

[<< previous game]

Mike Madison, a law professor from Pittsburgh, Pennsylvania

Erica Gaddy, a stay-at-home mom from Carencro, Louisiana

Travis Brazil, a waiter and actor from North Hollywood, California (whose 2-day cash winnings total $11,799)

[next game >>]

Jeopardy! Round responses

THE GOSPEL ACCORDING TO MATTHEW
PRODUCT PLACEMENT
WARS BY BATTLE
FAST FOOD HAIKU
(Alex: We want you to name the chain here)
2001 U.S. STAMPS
4-LETTER VERBS
    $100 6
Jonah

Travis
    $100 13
Heineken

Travis
    $100 1
World War II

Travis
    $100 8
Taco Bell

Erica
    $100 26
(Mike: What is 33 cents?)

34 cents

EricaMike
    $100 21
Jump

Travis
    $200 7
Sheep

Erica
    $200 15
Blockbuster

Mike
    $200 2
U.S. Civil War

Travis
    $200 9
(Erica: What is Chili's?)

Jack in the Box

TravisErica
    $200 27
Sweden

Mike
    $200 22
Wink

Travis
    $300 14
Little children

Erica
    $300 16
Reese's Pieces

Travis
    $300 3
Vietnam War

Mike
    $300 10
Denny's

Erica
    $300 28
Rose

Mike
    $300 23
Wolf

Travis
    $400 17
Right hand

Erica
    $400 19
Ray-Ban

Travis
    $400 4
World War I

Mike
    $500 11
Subway

Erica
    $400 29
Norman Rockwell or Rockwell Kent

Erica
    $400 24
Clip

Erica
    $500 18
Gnashing of teeth

Erica
    $500 20
Apple

Mike
    $500 5
(Erica: Blank... [The time expiry signal sounds.] What is the Roses?)
(Alex: Erica, you ran out of time.)

the Wars of the Roses

TravisErica
    $500 12
(Erica: What is Pizza Hut?)

Domino's

EricaMike
    $500 30
Snake/serpent (2001 being the year of the snake)

Mike
    $500 25
Dust

Erica

Scores at the first commercial break (after clue 15):

Travis Erica Mike
$1,200 $200 $1,400

Scores at the end of the Jeopardy! Round:

Travis Erica Mike
$2,500 $2,500 $2,800

Double Jeopardy! Round responses

THE 50 STATES
YALE
A KITTY CAT-EGORY
WORDS & MUSIC
THE U.N.
(Alex: The United Nations)
"GENERAL" ASSEMBLY
    $200 1
California

Travis
    $200 6
Harvard

Travis
    $200 9
Whiskers

Erica
    $200 14
George Gershwin

Erica
    $200 26
World Court/International Court of Justice

Erica
    $200 18
General Hospital

Travis
    $400 2
Missouri

Travis
    $1,000 7
Eli

Travis
    $400 10
Persian

Erica
    $400 15
Frederic Lowe

Erica
    $400 27
(Erica: Who is Boutros Boutros-Ghali?)

Kofi Annan

TravisErica
    $400 19
General store

Mike
    $600 3
Alabama

Travis
    $600 8
Law school

Erica
    $600 11
(Travis: What is tortoise?)

Tabby

TravisErica
    $600 16
Burt Bacharach

Mike
    $600 28
Cyprus

Mike
    $600 23
General anesthetic/anesthesia

Travis
    $800 4
Colorado

Mike
    $800 17
Skull and Bones

Travis
    $2,000 12
Siamese

Erica
    $800 21
Hoagy Carmichael

Erica
    $800 29
Kurt Waldheim

Travis
    $800 24
General admission

Travis
    $1000 5
(Erica: What is Utah?)

Wyoming

Erica
Triple Stumper
    $1000 20
Eero Saarinen

Mike
    $1000 13
Angora

Triple Stumper
    $1000 22
Leonard Bernstein

Erica
    $1000 30
Yugoslavia

Mike
    $1000 25
"General Lee"

Travis

Scores at the end of the Double Jeopardy! Round:

Travis Erica Mike
$8,900 $7,500 $7,200

[wagering suggestions for these scores]

Final Jeopardy! Round responses

AUTHORS OF THE 1920s
MikeWho was Henry ____
$7,199
EricaWho is Henry Miller?
$7,499
TravisWho is Henry Miller?
$6,100
D.H. Lawrence ("Lady Chatterley's Lover")

Final scores:

Travis Erica Mike
$2,800 $1 $1
3-day champion: $14,599 2nd place: Trip to Hong Kong, courtesy of Priceline.com 3rd place: Bikeshop.com Gift Certificate

Game dynamics:

Coryat scores:

Travis Erica Mike
$8,300 $6,200 $7,200
23 R
(including 1 DD),
1 W
21 R
(including 2 DDs),
5 W
14 R,
1 W

Combined Coryat: $21,700

[game clues] [game scores] [suggest correction]

Game tape date: 2001-02-13
The J! Archive is created by fans, for fans. Scraping, republication, monetization, and malicious use prohibited; this site may use cookies and collect identifying information. See terms. The Jeopardy! game show and all elements thereof, including but not limited to copyright and trademark thereto, are the property of Jeopardy Productions, Inc. and are protected under law. This website is not affiliated with, sponsored by, or operated by Jeopardy Productions, Inc. Join the discussion at JBoard.tv.